000 00688cab a2200217 4500
001 X533
008 090401t1993 xxu||||| |||| 00| 0 eng d
035 _a(Sirsi) u66219
041 _aeng
245 _aJones and another v Sherwood Computer Services plc
260 _c1993
350 _a0
490 _aArbitration and Dispute Resolution Law Journal
_v1993 ADRLJ 18-21(4)
520 _aCA 7 December 1989.
650 _aMANAGEMENT-DISPUTE AVOIDANCE, MANAGEMENT AND RESOLUTION-DISPUTE MANAGEMENT AND RESOLUTION-ARBITRATION
650 _aCONTRACTUAL DISPUTES
650 _aINDEPENDENT EXPERT
690 _aBUILDING AND CONSTRUCTION-CASE LAW
942 _n0
948 _c04/03/1997
999 _c41400
_d41400